Les Petits tracteurs à quatre roues pour régions tropicales et subtropicales : leur rôle dans le développement agricole et industriel (Record no. 10087)

MARC details
000 -LEADER
fixed length control field 00837 a2200241 4500
035 ## - SYSTEM CONTROL NUMBER
System control number 11158
020 ## - NUMERO INTERNATIONAL NORMALISE DES LIVRES
International Standard Book Number 3-8236-1162-3
100 ## - VEDETTE PRINCIPALE - NOM DE PERSONNE
Personal name HOLTKAMP, Rudolf
130 ## - VEDETTE PRINCIPALE - TITRE UNIFORME
Language of a work Fr.
260 ## - PUBLICATION, DISTRIBUTION, ETC. (IMPRINT)
Place of publication, distribution, etc Wiekersheln
260 ## - PUBLICATION, DISTRIBUTION, ETC. (IMPRINT)
Name of publisher, distributor, etc Margraf
245 ## - TITLE STATEMENT
Title Les Petits tracteurs à quatre roues pour régions tropicales et subtropicales : leur rôle dans le développement agricole et industriel
260 ## - PUBLICATION, DISTRIBUTION, ETC. (IMPRINT)
Date of publication, distribution, etc 1991
300 ## - PHYSICAL DESCRIPTION
Extent 253 p.
300 ## - PHYSICAL DESCRIPTION
Other physical details ill., fig., photos, tabl. ; 21 cm.
440 ## - SERIES STATEMENT/ADDED ENTRY--TITLE
Number of part/section of a work 6
440 ## - SERIES STATEMENT/ADDED ENTRY--TITLE
Title (Tropical agriculture)
500 ## - GENERAL NOTE
General note Titre original : Einheitssacht : kleine vierradsch lepper fur die. Tropen und subtropen. Comporte bibliographie et annexes
650 ## - SUBJECT ADDED ENTRY--TOPICAL TERM
Topical term or geographic name as entry element <Mécanisation de l'agriculture><Machines agricoles><Développement agricole et industriel>
Holdings
Withdrawn status Lost status Damaged status Not for loan Location (home branch) Sublocation or collection (holding branch) Date acquired Source of acquisition Koha issues (times borrowed) Koha full call number Piece designation (barcode) Koha date last seen Copy number Koha item type
        Bibliothèque Ecole Polytechnique d'Abomey-Calavi Bibliothèque Ecole Polytechnique d'Abomey-Calavi 27/02/2009 EPAC   631.3/H158p 21265EPAC 27/02/2009 1 Livre


© 2008, Bibliothèques de l'Université d'Abomey-Calavi

04 BP 789 Cotonou, Tél. : +229 21 36 01 01, Fax : +229 21 35 06 32

Courriel : bu@bu.uac.bj